[Event "Knighthood Blitz"]
[Site "Vishy Anand Arena"]
[Date "2020.08.01"]
[Round "8"]
[White "Narayanansl"]
[Black "Uzbektiger95"]
[Result "1/2-1/2"]
[WhiteElo "2657"]
[BlackElo "2443"]
[Annotator "NA"]
[PlyCount "134"]
[EventDate "2020.08.01"]
[EventType "swiss (blitz)"]

1. e4 c5 2. Nc3 Nc6 3. Bb5 Nd4 4. Nf3 a6 5. Bd3 g6 6. Nxd4 cxd4 7. Ne2 d5 8. c3 dxe4 9. Bxe4 Nf6 10. Bf3 d3 11. Ng3 Bg7 12. O-O O-O 13. Re1 Re8 14. b3 e5 15. Bb2 h5 16. c4 Ng4 17. h3 Nh6 18. Bd5 Rb8 19. Bc3 Be6 20. Qf3 Bxd5 21. cxd5 h4 22. Nf1 b5 23. b4 Qd7 24. Qxd3 Rbd8 25. Ne3 Nf5 26. Rad1 e4 27. Qc2 Rc8 28. Qb2 Nxe3 29. Rxe3 Bxc3 30. dxc3 f5 31. Rd4 Re5 32. Re1 Rxd5 33. Red1 Rxd4 34. Rxd4 Qe6 35. Qd2 Rc7 36. Qh6 Rc8 37. Qxh4 e3 38. fxe3 Qxe3+ 39. Kh2 Qe5+ 40. Kh1 Re8 41. Rd1 Qxc3 42. Qg5 Re1+ 43. Rxe1 Qxe1+ 44. Kh2 Qe5+ 45. Qg3 Qf6 46. Qb8+ Kh7 47. Qc7+ Kh6 48. Qf4+ g5 49. Qb8 f4 50. Qc7 f3 51. gxf3 Qxf3 52. Qd6+ Kh5 53. Qd2 Kh4 54. Qe1+ Kh5 55. Qe8+ Kh6 56. Qe6+ Kh5 57. Qe8+ Kh6 58. Qh8+ Kg6 59. Qd4 Qe2+ 60. Kg3 Qe1+ 61. Kf3 Qh1+ 62. Kg3 Qe1+ 63. Kg2 Qe2+ 64. Kg1 Qe1+ 65. Kh2 Qe2+ 66. Kh1 Qf1+ 67. Kh2 Qe2+ 1/2-1/2

[Event "Knighthood Blitz"]
[Site "Vishy Anand Arena"]
[Date "2020.08.01"]
[Round "8"]
[White "Maksim Chigaev"]
[Black "GM Abadi"]
[Result "1-0"]
[WhiteElo "2562"]
[BlackElo "2434"]
[Annotator "TA"]
[PlyCount "91"]
[EventDate "2020.08.01"]
[EventType "swiss (blitz)"]

1. e4 Nf6 2. d3 e5 3. Nf3 Nc6 4. g3 g6 5. Bg2 Bg7 6. O-O O-O 7. Nc3 d6 8. h3 h6 9. Be3 Kh7 10. d4 Bd7 11. Re1 exd4 12. Nxd4 Nxd4 13. Bxd4 Bc6 14. Qd3 Re8 15. Rad1 Nd7 16. Bxg7 Kxg7 17. Nd5 Bxd5 18. Qxd5 Rb8 19. c3 a6 20. f4 Qe7 21. Qd4+ Kg8 22. e5 Rbd8 23. exd6 Qxd6 24. Rxe8+ Rxe8 25. Qxd6 cxd6 26. Rxd6 Nc5 27. Kf2 a5 28. b4 Na4 29. Bxb7 Nxc3 30. bxa5 Re2+ 31. Kf1 Rxa2 32. a6 Kg7 33. g4 h5 34. gxh5 gxh5 35. f5 h4 36. Rd4 Kf6 37. Rxh4 Kxf5 38. Rc4 Ra3 39. h4 Kg6 40. Ke1 f5 41. Kd2 Ne4+ 42. Kc2 Ng3 43. Kb2 Ra5 44. Kb3 Nh5 45. Ra4 Rb5+ 46. Kc4 1-0

[Event "Knighthood Blitz"]
[Site "Vishy Anand Arena"]
[Date "2020.08.01"]
[Round "8"]
[White "V-Bernadskiy"]
[Black "Oligarkh"]
[Result "0-1"]
[WhiteElo "2550"]
[BlackElo "2661"]
[Annotator "TA"]
[PlyCount "154"]
[EventDate "2020.08.01"]
[EventType "swiss (blitz)"]

1. e4 c6 2. d4 d5 3. exd5 cxd5 4. c4 e6 5. Nc3 Nf6 6. Nf3 Nc6 7. cxd5 exd5 8. Bb5 Bd6 9. O-O h6 10. Re1+ Be6 11. Ne5 O-O 12. Bf4 Ne7 13. Bd3 Bf5 14. h3 Rc8 15. Rc1 a6 16. a3 Bxd3 17. Nxd3 Bxf4 18. Nxf4 Qd6 19. Qf3 Rfd8 20. Rcd1 Nc6 21. Qg3 Rd7 22. Re3 Na5 23. Rde1 Nc4 24. R3e2 g5 25. Re5 Nxe5 26. dxe5 Qe7 27. Re2 Ne4 28. Nxe4 dxe4 29. Nh5 Rc1+ 30. Kh2 Rdd1 31. Qg4 Qxe5+ 32. f4 Qe6 33. Qxe6 fxe6 34. Rxe4 Kf7 35. fxg5 hxg5 36. Rb4 b5 37. Ng3 Rc4 38. Rb3 Rd2 39. Rf3+ Kg6 40. Re3 Rc6 41. b4 Ra2 42. Ne4 Rcc2 43. Rg3 Kf5 44. Nxg5 e5 45. Nf3 Re2 46. h4 Kf4 47. h5 e4 48. Nd4 Re1 49. Ne6+ Kf5 50. Ng7+ Ke5 51. Rg5+ Kf4 52. Ne6+ Ke3 53. h6 Raa1 54. Kg3 Rh1 55. Rg6 Kd2 56. Nc5 e3 57. Nb3+ Kd1 58. Nxa1 e2 59. Rd6+ Kc1 60. Nb3+ Kc2 61. Rd2+ Kxb3 62. Rxe2 Rxh6 63. Re3+ Ka4 64. Rf3 Re6 65. Kf2 Rc6 66. g3 Rc2+ 67. Ke3 Kxa3 68. Kf4+ Kxb4 69. g4 a5 70. Kg3 a4 71. g5 a3 72. Rf4+ Kb3 73. g6 Rc8 74. g7 Rg8 75. Rf3+ Ka4 76. Rf2 b4 77. Rf7 a2 0-1

[Event "Knighthood Blitz"]
[Site "Vishy Anand Arena"]
[Date "2020.08.01"]
[Round "8"]
[White "Visakh"]
[Black "nihalsarin"]
[Result "1-0"]
[WhiteElo "2498"]
[BlackElo "2537"]
[Annotator "TA"]
[PlyCount "109"]
[EventDate "2020.08.01"]
[EventType "swiss (blitz)"]

1. d4 d5 2. c4 dxc4 3. e4 Nf6 4. e5 Nd5 5. Bxc4 Bf5 6. Nc3 Nb6 7. Bb3 e6 8. Nge2 Nc6 9. O-O Be7 10. Be3 O-O 11. Rc1 Nb4 12. Ng3 Bg6 13. a3 N4d5 14. Nxd5 Nxd5 15. Bxd5 exd5 16. f4 f5 17. Qb3 Rb8 18. Ne2 c6 19. Nc3 Bh5 20. Na4 Be2 21. Rf2 Bc4 22. Rxc4 dxc4 23. Qxc4+ Kh8 24. Nc3 Qd7 25. Rd2 b5 26. Qe2 b4 27. axb4 Bxb4 28. h3 Bxc3 29. bxc3 Qd5 30. c4 Qe4 31. d5 cxd5 32. Rd4 Qb1+ 33. Rd1 Qe4 34. Rd4 Qb1+ 35. Rd1 Rb2 36. Rxb1 Rxe2 37. Bc5 Rc8 38. cxd5 h6 39. Rb5 a6 40. Ra5 Rb8 41. d6 Rbb2 42. d7 Rxg2+ 43. Kh1 Rgd2 44. e6 Rh2+ 45. Kg1 Rhd2 46. Ra1 Rg2+ 47. Kf1 Rh2 48. d8=Q+ Kh7 49. e7 Rh1+ 50. Bg1 Rxh3 51. e8=Q Rf3+ 52. Ke1 Rg3 53. Qg8+ Kg6 54. Qde8+ Kf6 55. Qef7# 1-0

[Event "Knighthood Blitz"]
[Site "Vishy Anand Arena"]
[Date "2020.08.01"]
[Round "8"]
[White "Phoenix92"]
[Black "IndianKing97"]
[Result "0-1"]
[WhiteElo "2470"]
[BlackElo "2395"]
[Annotator "NA"]
[PlyCount "108"]
[EventDate "2020.08.01"]
[EventType "swiss (blitz)"]

1. e4 e5 2. Nf3 Nc6 3. Bc4 Bc5 4. d3 Nf6 5. Nbd2 O-O 6. O-O d6 7. c3 a6 8. Bb3 Ba7 9. h3 h6 10. Re1 Ne7 11. Nf1 Ng6 12. Ng3 Re8 13. d4 c6 14. Bc2 Be6 15. Be3 Qc8 16. Qd2 Bb8 17. Bxh6 gxh6 18. Qxh6 Re7 19. Nf5 Qf8 20. Qg5 Nh7 21. Nxe7+ Qxe7 22. Qxe7 Nxe7 23. Rad1 Bc7 24. Bb3 Bxb3 25. axb3 Nf8 26. g3 f6 27. h4 Kf7 28. Kg2 a5 29. Nh2 b5 30. Ng4 Ne6 31. Re3 Rg8 32. Kh3 Rg6 33. Rf3 Kg7 34. Ne3 Rh6 35. Kg2 Nf8 36. Ng4 Rg6 37. Kh3 Nh7 38. dxe5 fxe5 39. Ne3 Nf6 40. Nf5+ Nxf5 41. exf5 Rg4 42. Re3 Re4 43. Rxe4 Nxe4 44. Kg2 d5 45. b4 axb4 46. cxb4 d4 47. g4 Nd6 48. b3 Bb6 49. Rc1 d3 50. Rxc6 d2 51. Rxd6 Bd4 52. Rd7+ Kf8 53. f6 d1=Q 54. g5 Qg4+ 0-1

[Event "Knighthood Blitz"]
[Site "Vishy Anand Arena"]
[Date "2020.08.01"]
[Round "8"]
[White "Rasulov Vugar"]
[Black "Skkeyan"]
[Result "1-0"]
[WhiteElo "2465"]
[BlackElo "2207"]
[Annotator "TA"]
[PlyCount "67"]
[EventDate "2020.08.01"]
[EventType "swiss (blitz)"]

1. e4 c6 2. d4 d5 3. Nc3 dxe4 4. Nxe4 Nf6 5. Nxf6+ exf6 6. c3 Bd6 7. Bd3 O-O 8. Qc2 Re8+ 9. Ne2 h5 10. Be3 b5 11. h3 a5 12. g4 h4 13. O-O-O a4 14. g5 fxg5 15. Rdg1 Rxe3 16. fxe3 Be6 17. Kb1 Nd7 18. Bh7+ Kh8 19. Bf5 Bc4 20. e4 f6 21. e5 Be7 22. exf6 Bxf6 23. Nc1 c5 24. dxc5 Nxc5 25. Rd1 Qb6 26. Nd3 Nxd3 27. Bxd3 Bg8 28. Be4 Rb8 29. a3 Bb3 30. Qe2 Qe6 31. Qh5+ Kg8 32. Rhe1 Ba2+ 33. Ka1 Qf7 34. Bg6 1-0

[Event "Knighthood Blitz"]
[Site "Vishy Anand Arena"]
[Date "2020.08.01"]
[Round "8"]
[White "LAXMAN"]
[Black "Dust Tornado"]
[Result "0-1"]
[WhiteElo "2454"]
[BlackElo "2791"]
[Annotator "TA"]
[PlyCount "46"]
[EventDate "2020.08.01"]
[EventType "swiss (blitz)"]

1. d4 d5 2. Nf3 Nf6 3. c4 c6 4. e3 Bf5 5. Nc3 e6 6. Nh4 Be4 7. f3 Bg6 8. Qb3 Qc7 9. Bd2 Be7 10. g3 O-O 11. Kf2 a6 12. Nxg6 hxg6 13. Rc1 dxc4 14. Bxc4 b5 15. Be2 c5 16. dxc5 Bxc5 17. Nb1 Nbd7 18. Bb4 Rac8 19. Rhd1 Nd5 20. Bxc5 Nxc5 21. Qc2 Nb4 22. Qd2 Nxa2 23. Rc2 Ne4+ 0-1

[Event "Knighthood Blitz"]
[Site "Vishy Anand Arena"]
[Date "2020.08.01"]
[Round "8"]
[White "Indian-Lion"]
[Black "Chessworld1"]
[Result "1-0"]
[WhiteElo "2452"]
[BlackElo "2528"]
[Annotator "TA"]
[PlyCount "143"]
[EventDate "2020.08.01"]
[EventType "swiss (blitz)"]

1. e4 c5 2. Nf3 e6 3. d4 cxd4 4. Nxd4 a6 5. Bd3 Bc5 6. Nb3 Be7 7. O-O d6 8. Qg4 g6 9. f4 Nf6 10. Qe2 Nc6 11. e5 Nd7 12. exd6 Bxd6 13. N1d2 O-O 14. Ne4 Be7 15. Be3 b5 16. a4 b4 17. Rad1 Qc7 18. Ng5 Bf6 19. Bc1 Bg7 20. Rf3 Nf6 21. Ne4 Nd5 22. Rdf1 e5 23. f5 Bxf5 24. Rxf5 gxf5 25. Rxf5 Nce7 26. Rh5 f5 27. Nec5 Qb6 28. Rg5 Rac8 29. Qxe5 Rf7 30. Be3 Nxe3 31. Qxe3 Kh8 32. Bc4 Rff8 33. Rxg7 Kxg7 34. Qxe7+ Kh8 35. a5 Qh6 36. Qe5+ Qf6 37. Qxf6+ Rxf6 38. Bxa6 Rd8 39. Bd3 f4 40. Kf2 Rh6 41. h3 Kg7 42. a6 Ra8 43. Kf3 Kf7 44. Kxf4 Ke7 45. Ke5 Rb6 46. Kd5 Rd8+ 47. Ke5 Rc8 48. Bxh7 Rb5 49. Kd4 Kd6 50. Nb7+ Kc7 51. Bd3 Rg5 52. g4 Rh8 53. Bf1 Rg6 54. N3c5 Rf6 55. Bd3 Rxh3 56. Kc4 Rb6 57. g5 Rh4+ 58. Kd5 Rg4 59. g6 Rg3 60. g7 b3 61. cxb3 Rg5+ 62. Kc4 Rxg7 63. Kc3 Rg4 64. Na5 Rg3 65. Nc4 Rc6 66. b4 Kb8 67. Nd7+ Ka7 68. b5 Rxc4+ 69. Kxc4 Rg4+ 70. Kc5 Rg5+ 71. Kc6 Rg7 72. b6+ 1-0

[Event "Knighthood Blitz"]
[Site "Vishy Anand Arena"]
[Date "2020.08.01"]
[Round "8"]
[White "Hitter1999"]
[Black "Pshyaamnikhil"]
[Result "1-0"]
[WhiteElo "2440"]
[BlackElo "2334"]
[Annotator "NA"]
[PlyCount "85"]
[EventDate "2020.08.01"]
[EventType "swiss (blitz)"]

1. e4 e5 2. Nf3 Nc6 3. Bb5 a6 4. Ba4 Nf6 5. O-O Bc5 6. c3 b5 7. Bb3 d6 8. a4 Bg4 9. d3 O-O 10. Nbd2 Na5 11. Ba2 b4 12. h3 Bxf3 13. Nxf3 Rb8 14. d4 exd4 15. cxd4 Ba7 16. Re1 c5 17. Bg5 h6 18. Bh4 Re8 19. e5 dxe5 20. dxe5 Qxd1 21. Raxd1 Nh5 22. Bxf7+ Kxf7 23. Rd7+ Kg8 24. Rxa7 g5 25. Rxa6 Nc4 26. b3 Rb6 27. Rxb6 Nxb6 28. Bg3 Nxg3 29. fxg3 c4 30. a5 Nd7 31. bxc4 b3 32. Nd2 b2 33. Rb1 Rb8 34. a6 Rb4 35. a7 Nb6 36. c5 Na8 37. Kf2 Kf7 38. Ke3 Ke6 39. Kd3 Kd5 40. Kc3 Ra4 41. Rxb2 Ra3+ 42. Nb3 Rxa7 43. Re2 1-0

[Event "Knighthood Blitz"]
[Site "Vishy Anand Arena"]
[Date "2020.08.01"]
[Round "8"]
[White "Gk06"]
[Black "Shahildey"]
[Result "1-0"]
[WhiteElo "2436"]
[BlackElo "2183"]
[Annotator "NA"]
[PlyCount "145"]
[EventDate "2020.08.01"]
[EventType "swiss (blitz)"]

1. d4 d5 2. c4 c6 3. Nf3 Nf6 4. Nc3 e6 5. Bg5 Nbd7 6. e3 Be7 7. Bd3 O-O 8. O-O h6 9. Bh4 dxc4 10. Bxc4 b5 11. Bd3 Bb7 12. Rc1 b4 13. Na4 Qa5 14. Nd2 c5 15. Bxf6 gxf6 16. Nc4 Qc7 17. Qg4+ Kh8 18. Qh4 Kg7 19. f4 Rh8 20. e4 Qc6 21. b3 Rag8 22. Rf3 Kf8 23. f5 cxd4 24. Rc2 exf5 25. Rxf5 Qe6 26. Qf4 Rg5 27. Re2 Rhg8 28. g3 h5 29. Rxg5 Rxg5 30. Qc7 Qc6 31. Qf4 Ne5 32. Nab2 Nxd3 33. Nxd3 Rg4 34. Qb8+ Kg7 35. Nf4 d3 36. Re1 d2 37. Nxd2 Bc5+ 38. Kg2 h4 39. Nf3 Bd6 40. Nh5+ Kh7 41. Nxf6+ Kg7 42. Qg8+ Kxf6 43. Qxg4 hxg3 44. e5+ Bxe5 45. Qg5+ Ke6 46. Qxe5+ Kd7 47. Qe7+ Kc8 48. Qf8+ Kc7 49. Qe7+ Kb6 50. Qxb4+ Ka6 51. Qa4+ Qxa4 52. bxa4 gxh2 53. Rh1 f6 54. Rxh2 Ka5 55. Rh4 Bc6 56. Rf4 Bxa4 57. Kf2 Bb5 58. Rxf6 a6 59. Rf5 Kb4 60. Nd4 a5 61. Nxb5 a4 62. Nd6 Ka3 63. Rf4 Kxa2 64. Rxa4+ Kb3 65. Ra8 Kc2 66. Ke3 Kb2 67. Kd4 Kc1 68. Kc3 Kd1 69. Ne4 Kc1 70. Kd3 Kd1 71. Nf2+ Ke1 72. Ke3 Kf1 73. Ra1+ 1-0

[Event "Knighthood Blitz"]
[Site "Vishy Anand Arena"]
[Date "2020.08.01"]
[Round "8"]
[White "Devil1234"]
[Black "CREATOR 1198"]
[Result "1/2-1/2"]
[WhiteElo "2417"]
[BlackElo "2395"]
[Annotator "NA"]
[PlyCount "179"]
[EventDate "2020.08.01"]
[EventType "swiss (blitz)"]

1. d4 d5 2. Bf4 Nf6 3. e3 c5 4. c3 Nc6 5. Nd2 Bg4 6. Ngf3 e6 7. h3 Bh5 8. g4 Bg6 9. Qb3 Qc8 10. Nh4 Be7 11. Nxg6 hxg6 12. Bg2 O-O 13. Qd1 b5 14. h4 b4 15. h5 bxc3 16. bxc3 cxd4 17. cxd4 Nb4 18. O-O gxh5 19. gxh5 Qc2 20. h6 Rfc8 21. hxg7 Qg6 22. Nf3 Nd3 23. Bg3 Nh5 24. Bh4 Bd6 25. Ng5 Nxg7 26. f4 f6 27. Nf3 Qe4 28. Re1 Nxe1 29. Qxe1 Qg6 30. Bf2 Rc2 31. Nh4 Qg4 32. Qd1 Qxd1+ 33. Rxd1 Rac8 34. Bh3 f5 35. Kg2 Rxa2 36. Kf3 Rcc2 37. Bg3 Kf7 38. Rb1 Rab2 39. Ra1 Ra2 40. Rb1 Rcb2 41. Rc1 a5 42. Rc6 Be7 43. Rc7 Rc2 44. Ra7 a4 45. Ng2 Rxg2 46. Bxg2 a3 47. Bh4 Kg6 48. Bxe7 Nh5 49. Bxa3 Nf6 50. Bc5 Rb2 51. Kg3 Re2 52. Bf3 Rxe3 53. Kf2 Rb3 54. Ra1 Rb2+ 55. Kg3 Rb3 56. Rg1 Kf7 57. Kf2 Rb2+ 58. Ke3 Rb3+ 59. Ke2 Rb2+ 60. Kf1 Rb3 61. Be2 Rb1+ 62. Kf2 Rb2 63. Kf3 Ne4 64. Bd3 Rf2+ 65. Ke3 Rh2 66. Bxe4 fxe4 67. Ra1 Rh3+ 68. Kd2 Kf6 69. Ra7 Rh2+ 70. Kc3 Rh3+ 71. Kb4 e3 72. Bd6 Kf5 73. Be5 Ke4 74. Ra1 e2 75. Re1 Kd3 76. f5 Rf3 77. Rxe2 Kxe2 78. fxe6 Rf8 79. e7 Re8 80. Bd6 Kd3 81. Kc5 Ke4 82. Kc6 Kxd4 83. Kd7 Rxe7+ 84. Kxe7 Kc4 85. Ke6 Kd3 86. Bf4 d4 87. Ke5 Kc4 88. Ke4 d3 89. Bd2 Kb3 90. Kxd3 1/2-1/2

[Event "Knighthood Blitz"]
[Site "Vishy Anand Arena"]
[Date "2020.08.01"]
[Round "8"]
[White "Pabh"]
[Black "thor_attack"]
[Result "1-0"]
[WhiteElo "2382"]
[BlackElo "1893"]
[Annotator "TA"]
[PlyCount "79"]
[EventDate "2020.08.01"]
[EventType "swiss (blitz)"]

1. Nf3 Nf6 2. g3 g6 3. b3 Bg7 4. Bb2 O-O 5. Bg2 d5 6. c4 c5 7. cxd5 Nxd5 8. Bxg7 Kxg7 9. O-O Nc6 10. d4 cxd4 11. Nxd4 Nxd4 12. Qxd4+ Nf6 13. Qe5 Qb6 14. Nc3 Be6 15. Na4 Qb4 16. Nc5 Qg4 17. Nxe6+ Qxe6 18. Qxe6 fxe6 19. Bxb7 Rab8 20. Ba6 Rb6 21. Bc4 e5 22. Rad1 Rd6 23. Rxd6 exd6 24. Rd1 Rd8 25. Be6 Kf8 26. Rc1 Ke7 27. Bh3 Nd5 28. Kf1 e4 29. Rc4 e3 30. f4 Rb8 31. Bg2 Rb5 32. a4 Ra5 33. b4 Rxa4 34. Bxd5 Ra1+ 35. Kg2 Re1 36. Re4+ Kf6 37. Rxe3 Rb1 38. Re6+ Kg7 39. Re7+ Kf6 40. Rf7# 1-0

[Event "Knighthood Blitz"]
[Site "Vishy Anand Arena"]
[Date "2020.08.01"]
[Round "8"]
[White "Fidodido"]
[Black "kutiktau"]
[Result "0-1"]
[WhiteElo "2374"]
[BlackElo "2672"]
[Annotator "TA"]
[PlyCount "70"]
[EventDate "2020.08.01"]
[EventType "swiss (blitz)"]

1. d4 Nf6 2. c4 c5 3. d5 g6 4. Nc3 Bg7 5. e4 O-O 6. Bd3 e6 7. e5 Ne8 8. h4 d6 9. h5 dxe5 10. hxg6 hxg6 11. Nf3 exd5 12. Nxd5 Bg4 13. Qc2 Bxf3 14. gxf3 Nc6 15. Bxg6 fxg6 16. Qxg6 Rf7 17. Bg5 Qa5+ 18. Kf1 Rd8 19. Kg2 Rdd7 20. Qh7+ Kf8 21. Bh6 Ne7 22. Rag1 Nxd5 23. cxd5 Qb6 24. Kf1 Qa6+ 25. Ke1 Bxh6 26. Qh8+ Ke7 27. Rxh6 Qa5+ 28. Kf1 Qb5+ 29. Ke1 Qxb2 30. Re6+ Kd8 31. Rxe8+ Kc7 32. Rg6 Qb1+ 33. Ke2 Qxg6 34. Rc8+ Kb6 35. Qxe5 Rfe7 0-1

[Event "Knighthood Blitz"]
[Site "Vishy Anand Arena"]
[Date "2020.08.01"]
[Round "8"]
[White "Debashisdas"]
[Black "Kadamomm"]
[Result "1-0"]
[WhiteElo "2368"]
[BlackElo "1967"]
[PlyCount "143"]
[EventDate "2020.08.01"]
[EventType "swiss (blitz)"]

1. d4 Nf6 2. c4 g6 3. f3 Bg7 4. e4 d6 5. Nc3 O-O 6. Be3 c5 7. d5 e6 8. Qd2 exd5 9. cxd5 Re8 10. h4 h5 11. Bh6 Qa5 12. Bxg7 Kxg7 13. Nge2 Nbd7 14. Nf4 a6 15. Nd1 Qxd2+ 16. Kxd2 b5 17. Rb1 Bb7 18. b4 Rac8 19. Bd3 Nb6 20. Ne3 Na4 21. Rhc1 cxb4 22. Rxc8 Rxc8 23. Rxb4 Nd7 24. Ne2 Ne5 25. Rb1 Nc5 26. Bc2 Ncd7 27. Bb3 Nb6 28. Rc1 a5 29. Rxc8 Nxc8 30. Nd4 Ba6 31. f4 Nd7 32. Nc6 f6 33. Nxa5 Nc5 34. Bc2 b4 35. Nc6 Nb6 36. Nxb4 Bb5 37. Kc3 Nba4+ 38. Bxa4 Nxa4+ 39. Kd4 Kf7 40. e5 fxe5+ 41. fxe5 Ke7 42. Nc6+ Kd7 43. exd6 Kxd6 44. Ne5 Be8 45. N3c4+ Ke7 46. d6+ Ke6 47. d7 Bxd7 48. Nxd7 Kxd7 49. Ke5 Ke7 50. a3 Nc5 51. Kd5 Na4 52. Kc6 Kf6 53. Nb6 Nb2 54. Kb5 g5 55. hxg5+ Kxg5 56. Nc4 Nd1 57. Kb4 Nf2 58. a4 Ne4 59. a5 Nf6 60. a6 Nd5+ 61. Kc5 Nc7 62. a7 Kg4 63. Kc6 Na8 64. Kb7 Kg3 65. Kxa8 Kxg2 66. Kb8 h4 67. a8=Q+ Kg3 68. Qh1 h3 69. Nd2 h2 70. Nf1+ Kf2 71. Nxh2 Ke2 72. Kc7 1-0

[Event "Knighthood Blitz"]
[Site "Vishy Anand Arena"]
[Date "2020.08.01"]
[Round "8"]
[White "lnram"]
[Black "Vikas2200"]
[Result "1-0"]
[WhiteElo "2353"]
[BlackElo "1874"]
[Annotator "NA"]
[PlyCount "113"]
[EventDate "2020.08.01"]
[EventType "swiss (blitz)"]

1. e4 e5 2. Nf3 Nc6 3. Bb5 Nf6 4. d3 Bc5 5. O-O O-O 6. c3 d6 7. Re1 Bb6 8. h3 Ne7 9. Nbd2 Ng6 10. Nf1 c6 11. Ba4 h6 12. Ng3 Be6 13. d4 exd4 14. cxd4 Re8 15. Bb3 Bxb3 16. Qxb3 Qc7 17. Qd3 Re7 18. Nf5 Rd7 19. N3h4 Re8 20. Nxg6 fxg6 21. Nh4 g5 22. Nf5 Rf7 23. Bd2 Qd7 24. g4 Qe6 25. d5 Qd7 26. Bb4 c5 27. Bc3 Bd8 28. Rad1 Nh7 29. Qg3 Be7 30. e5 dxe5 31. Rxe5 Bf8 32. Rxe8 Qxe8 33. d6 Rd7 34. Re1 Qf7 35. Qe3 Nf6 36. Ne7+ Bxe7 37. dxe7 Ne8 38. Qe4 Rc7 39. Re2 Rd7 40. Kg2 Rd1 41. Qf3 Rd2 42. Qxf7+ Kxf7 43. Rxd2 Kxe7 44. Re2+ Kf7 45. Rxe8 Kxe8 46. Bxg7 h5 47. Bh6 Kf7 48. Bxg5 hxg4 49. hxg4 Kg6 50. Be3 Kf7 51. f4 Kg6 52. f5+ Kf7 53. Kf3 c4 54. Kf4 b5 55. Bd4 b4 56. g5 b3 57. g6+ 1-0

[Event "Knighthood Blitz"]
[Site "Vishy Anand Arena"]
[Date "2020.08.01"]
[Round "8"]
[White "Fighter64"]
[Black "MasteredUI"]
[Result "1-0"]
[WhiteElo "2317"]
[BlackElo "2361"]
[Annotator "NA"]
[PlyCount "71"]
[EventDate "2020.08.01"]
[EventType "swiss (blitz)"]

1. e4 c5 2. Nf3 d6 3. d4 cxd4 4. Nxd4 Nf6 5. Nc3 a6 6. Bd3 e5 7. Nde2 Be6 8. O-O Nbd7 9. f4 Rc8 10. Kh1 Be7 11. Ng3 b5 12. a4 b4 13. Nd5 Bxd5 14. exd5 O-O 15. Bxa6 Rc5 16. Bb7 Qc7 17. Bc6 Nb8 18. Be3 exf4 19. Rxf4 Nxc6 20. dxc6 Rxc6 21. Nf5 Re8 22. Nd4 Ra6 23. Qd3 Nd5 24. Qxa6 Nxe3 25. Qd3 Nd5 26. Rff1 Bf6 27. Rae1 Rxe1 28. Rxe1 g6 29. Qe4 Qc5 30. Nb3 Qf2 31. Qe2 Qa7 32. a5 Bxb2 33. Qb5 Nf6 34. Qb6 Qd7 35. a6 Ng4 36. a7 1-0

[Event "Knighthood Blitz"]
[Site "Vishy Anand Arena"]
[Date "2020.08.01"]
[Round "8"]
[White "Arjunkalyan"]
[Black "slienteyes"]
[Result "1-0"]
[WhiteElo "2276"]
[BlackElo "2113"]
[PlyCount "51"]
[EventDate "2020.08.01"]
[EventType "swiss (blitz)"]

1. d4 Nf6 2. c4 g6 3. f3 Bg7 4. e4 d6 5. Nc3 O-O 6. Be3 c5 7. Nge2 Nc6 8. Qd2 cxd4 9. Nxd4 Qa5 10. Be2 Bd7 11. Rc1 Nxd4 12. Bxd4 Rfc8 13. b3 Bc6 14. O-O Nd7 15. Be3 a6 16. Nd5 Qxd2 17. Bxd2 Bxd5 18. cxd5 Bd4+ 19. Kh1 Nc5 20. g3 Bf6 21. Kg2 b5 22. Be3 Kg7 23. Rfd1 g5 24. g4 h6 25. h3 Rc7 26. b4 1-0

[Event "Knighthood Blitz"]
[Site "Vishy Anand Arena"]
[Date "2020.08.01"]
[Round "8"]
[White "Aradhya"]
[Black "Diptayan"]
[Result "0-1"]
[WhiteElo "2265"]
[BlackElo "2462"]
[Annotator "TA"]
[PlyCount "144"]
[EventDate "2020.08.01"]
[EventType "swiss (blitz)"]

1. d4 Nf6 2. Nf3 d5 3. c4 e6 4. g3 Bb4+ 5. Bd2 Be7 6. Bg2 O-O 7. O-O Nbd7 8. Qc2 c6 9. a4 a5 10. Rc1 Bd6 11. b3 h6 12. Bc3 b6 13. Nbd2 Ba6 14. e4 Be7 15. cxd5 cxd5 16. e5 Ne8 17. Nf1 Rc8 18. Qd2 Nb8 19. Ne3 Nc6 20. h4 Nb4 21. Bf1 Bxf1 22. Kxf1 Qd7 23. Qe2 Nc7 24. Bd2 Nca6 25. Kg2 Rxc1 26. Rxc1 Rc8 27. Rg1 Nc7 28. Rc1 Nca6 29. Rg1 Nc7 30. Rc1 Ne8 31. Rg1 Nc2 32. Kh2 Nxe3 33. Bxe3 Nc7 34. g4 b5 35. g5 h5 36. g6 fxg6 37. Qd3 Qe8 38. axb5 Nxb5 39. Qxg6 Qxg6 40. Rxg6 Kf7 41. Rg1 Rc3 42. Ra1 Bb4 43. Ng5+ Ke7 44. Rb1 Na3 45. Rb2 Rc2 46. Rxc2 Nxc2 47. Nf3 Na1 48. Nd2 Bxd2 49. Bxd2 Nxb3 50. Bc3 a4 51. Kg3 Kf7 52. Bb2 Kg6 53. Kf4 Na5 54. Bc3 Nc4 55. Kf3 a3 56. Kf4 a2 57. Ba1 Na3 58. Kf3 Nc2 59. Bb2 Kf5 60. Kg3 a1=Q 61. Bxa1 Nxa1 62. Kf3 Nc2 63. Kg3 Nxd4 64. f4 Ne2+ 65. Kf3 Nxf4 66. Ke3 Kxe5 67. Kf3 Kf5 68. Ke3 e5 69. Kf3 d4 70. Kf2 e4 71. Kg3 d3 72. Kf2 Nd5 0-1

[Event "Knighthood Blitz"]
[Site "Vishy Anand Arena"]
[Date "2020.08.01"]
[Round "8"]
[White "Snitin"]
[Black "NIKiler"]
[Result "1/2-1/2"]
[WhiteElo "2247"]
[BlackElo "2117"]
[PlyCount "165"]
[EventDate "2020.08.01"]
[EventType "swiss (blitz)"]

1. e4 c6 2. Nc3 d5 3. Nf3 dxe4 4. Nxe4 Nf6 5. Qe2 Nxe4 6. Qxe4 Qd5 7. Qh4 Qe6+ 8. Be2 Qg4 9. Qg3 g6 10. d4 Bg7 11. Be3 O-O 12. O-O-O Qxg3 13. hxg3 Bg4 14. Rh4 h5 15. Ng1 Bxe2 16. Nxe2 e6 17. g4 hxg4 18. Rxg4 Nd7 19. Rh1 Rfd8 20. Rgh4 Nf6 21. f3 a5 22. Bh6 a4 23. Bg5 Ra5 24. Bd2 Rh5 25. a3 b5 26. Bf4 Rxh4 27. Rxh4 Nh5 28. Be5 Nf6 29. Nc3 Nd7 30. Bxg7 Kxg7 31. Ne4 Nf6 32. Nxf6 Kxf6 33. Kd2 g5 34. Re4 Ke7 35. Kc3 Rh8 36. Re5 f6 37. Re2 Rh1 38. Kd3 Kd6 39. Kd2 Rg1 40. Kd3 Kd5 41. Rd2 Rb1 42. Kc3 Re1 43. Kd3 f5 44. Kc3 f4 45. b3 axb3 46. cxb3 Re3+ 47. Kb4 Re1 48. a4 bxa4 49. bxa4 Rb1+ 50. Ka5 Kc4 51. Rc2+ Kxd4 52. Rxc6 Kd5 53. Rb6 Rg1 54. Rb2 Kc5 55. Rc2+ Kd4 56. Ka6 Kd3 57. Rb2 e5 58. a5 e4 59. fxe4 Kxe4 60. Kb7 g4 61. Ra2 Rb1+ 62. Kc7 Rc1+ 63. Kb7 Rb1+ 64. Kc7 Rc1+ 65. Kd7 f3 66. gxf3+ gxf3 67. a6 Rd1+ 68. Kc7 Rc1+ 69. Kb7 Rb1+ 70. Kc7 Rc1+ 71. Kb7 Rb1+ 72. Kc8 Rc1+ 73. Kd8 Rd1+ 74. Ke8 Rh1 75. a7 Rh8+ 76. Kd7 Ke3 77. Kc7 f2 78. Rxf2 Kxf2 79. Kb7 Rh7+ 80. Kb8 Rh8+ 81. Kb7 Rh7+ 82. Kb8 Rxa7 83. Kxa7 1/2-1/2

[Event "Knighthood Blitz"]
[Site "Vishy Anand Arena"]
[Date "2020.08.01"]
[Round "8"]
[White "Vinniethepooh"]
[Black "Zokapenzioner"]
[Result "1-0"]
[WhiteElo "2228"]
[BlackElo "2005"]
[PlyCount "115"]
[EventDate "2020.08.01"]
[EventType "swiss (blitz)"]

1. d4 Nf6 2. c4 c5 3. d5 b5 4. cxb5 a6 5. bxa6 Bxa6 6. Nc3 g6 7. e4 Bxf1 8. Kxf1 d6 9. g3 Bg7 10. Kg2 Nbd7 11. Nf3 Ra6 12. Qe2 Qa8 13. Nb5 Kd8 14. Rd1 Qb7 15. a4 h6 16. Ra3 Ng4 17. h3 Nge5 18. Nd2 Nb6 19. f4 Ned7 20. b3 Ke8 21. Nc4 Kf8 22. Be3 Kg8 23. Rc1 Kh7 24. Ra2 Rha8 25. Rd2 Nxc4 26. Qxc4 Nb6 27. Qc2 c4 28. Bxb6 cxb3 29. Qxb3 Rxb6 30. Qc4 Qa6 31. Nc7 Qxc4 32. Rxc4 Ra7 33. Nb5 Rab7 34. Ra2 Ra6 35. Rc6 Ra5 36. Nc3 Bxc3 37. Rxc3 Rb4 38. Kf3 Rbxa4 39. Rxa4 Rxa4 40. Rc7 Ra3+ 41. Kf2 Ra2+ 42. Kf3 Ra3+ 43. Kg4 h5+ 44. Kh4 f6 45. Rxe7+ Kh6 46. Re6 Kg7 47. Rxd6 Re3 48. Re6 Kh6 49. g4 hxg4 50. hxg4 Kg7 51. g5 fxg5+ 52. fxg5 Kf7 53. Kg4 Re1 54. Kf4 Rf1+ 55. Ke5 Rg1 56. Kf4 Rf1+ 57. Ke5 Rg1 58. Rf6+ 1-0

[Event "Knighthood Blitz"]
[Site "Vishy Anand Arena"]
[Date "2020.08.01"]
[Round "8"]
[White "Superind2002"]
[Black "Swayham"]
[Result "1-0"]
[WhiteElo "2222"]
[BlackElo "1933"]
[Annotator "NA"]
[PlyCount "61"]
[EventDate "2020.08.01"]
[EventType "swiss (blitz)"]

1. e4 c5 2. Nf3 d6 3. d4 cxd4 4. Nxd4 Nf6 5. Nc3 a6 6. Be3 e5 7. Nb3 Be6 8. f3 Be7 9. Qd2 h5 10. O-O-O Nbd7 11. Kb1 Qc7 12. Nd5 Bxd5 13. exd5 Nb6 14. Bxb6 Qxb6 15. Qa5 Qxa5 16. Nxa5 O-O-O 17. Rd3 Kb8 18. Rb3 Rd7 19. Bxa6 Ka7 20. Bxb7 Rc7 21. Nc6+ Rxc6 22. dxc6 Bd8 23. Rd1 Bc7 24. Ra3+ Kb6 25. Ra6+ Kc5 26. a3 Nd5 27. Ra4 Rh6 28. Rd3 Rg6 29. c4 Nf4 30. b4+ Kxc4 31. Ba6# 1-0